Normal view
MARC view
- اللغة العربية -- بلاغة -- اللغة العربية -- تاريخ
Entry Topical Term
001 - CONTROL NUMBER
- control field: 11537
003 - CONTROL NUMBER IDENTIFIER
- control field: JO-AjAnu
005 - DATE AND TIME OF LATEST TRANSACTION
- control field: 20230606072142.0
008 - FIXED-LENGTH DATA ELEMENTS
- fixed length control field: 230606|| aca||aabn | a|a d
040 ## - CATALOGING SOURCE
- Original cataloging agency: JO-AjAnu
- Transcribing agency: JO-AjAnu
150 ## - HEADING--TOPICAL TERM
- Topical term or geographic name entry element: اللغة العربية -- بلاغة -- اللغة العربية -- تاريخ
670 ## - SOURCE DATA FOUND
- Source citation: Work cat.: (JO-AjAnu)5943: تأليف القرطاجني، أبي الحسن حازم؛ تقديم وتحقيق محمد الحبيب ابن الخوجة, author 11536, منهاج البلغاء وسراج الإدباء